MARC

LEADER 00000nam0a2200000 4500
001 304920
005 20231102001741.0
020 |a RU  |b 83-38635 
035 |a (RuTPU)RU\TPU\book\330179 
090 |a 304920 
100 |a 20150921d1983 km y0rusy5003 ca 
101 0 |a rus 
102 |a RU 
105 |a ac z 001zb 
200 1 |a Том Манн - человек и революционер  |f В. Е. Кельнер 
210 |a Москва  |c Мысль  |d 1983 
215 |a 167 с.  |c 4 л. ил. 
320 |a Библиогр.: с. 148-166 
600 1 |a Манн  |b Т.  |c деятель рабочего движения Великобритании  |f 1856-1941  |g Том  |2 stltpush  |3 (RuTPU)RU\TPU\pers\44118 
606 1 |a Коммунистические партии отдельных зарубежных стран  |x Европы  |2 stltpush  |3 (RuTPU)RU\TPU\subj\14923  |9 41243 
610 1 |a Коммунистическая партия Великобритании 
610 1 |a международное рабочее движение 
610 1 |a история 
610 1 |a 19 век 
610 1 |a 20 век 
610 1 |a политические деятели 
610 1 |a персоналии 
686 |a Ф61(4)  |2 rubbk 
700 1 |a Кельнер  |b В. Е.  |g Виктор Ефимович  |4 070 
801 0 |a RU  |b RuMRKP  |c 19950704  |g psbo 
801 1 |a RU  |b 63413507  |c 20150921 
801 2 |a RU  |b 63413507  |c 20190708  |g RCR 
942 |c BK